Co to za państwo (dziwne podpowiedzi) #4 - Statystyki

Ogólne statystyki
  • Ten quiz został rozwiązany 558 razy
  • Średni wynik to 10 z 15
Statystyki odpowiedzi
Jeden kolor z flagi Trzecia litera Półkula Jeden kraj graniczący Góry Państwo % Poprawnych
Niebieski R Północna Finlandia Skandynawskie Norwegia
99%
Biały N Północna Stany Zjednoczone Skaliste Kanada
86%
Czerwony I Południowa Argentyna Andy Chile
83%
Niebieski Z Północna Rosja Ałtaj Kazachstan
80%
Zielony R Północna Hiszpania Serra da Estrela Portugalia
80%
Złoty A Północna Bośnia i Hercegowina Dynarskie Czarnogóra
78%
Biały S Północna Niemcy Alpy Austria
77%
Żółty L Północna Peru Andy Kolumbia
69%
Zielony S Południowa RPA Smocze Lesotho
62%
Zielony A Północna Arabia Saudyjska Al-Hadżar Oman
61%
Niebieski R Północna Liban Karmel Izrael
55%
Niebieski L Północna Meksyk Maya Belize
50%
Żółty A Północna Sudan Wadaj Czad
50%
Czerwony P Północna Brak Teshio Japonia
50%
Czerwony D Południowa Brak Tsaratanana Madagaskar
43%
Nie znaleziono quizów pasujących do podanych kryteriów
Rozkład punktacji
Procent ludzi z każdym wynikiem
Percentyl według liczby udzielonych odpowiedzi
Twoja historia wyników
Nie rozwiązałeś tego quizu